| 000 | 00543nam a2200193 a 4500 | ||
|---|---|---|---|
| 005 | 20240910063815.0 | ||
| 008 | 050209s1998 mx r 000 0 spa d | ||
| 020 | _a8477385671 | ||
| 035 | _aUPN01000137989 | ||
| 049 | _aCG | ||
| 050 | 4 |
_aB831.2 _bB4.2 |
|
| 100 | 1 | _aBerciano Villalibre, Modesto | |
| 245 | 1 | 0 |
_aDebate en torno a la posmodernidad / _cModesto Berciano Villalibre. |
| 260 |
_aMadrid : _bSíntesis, _c1998. |
||
| 300 | _a215 p. | ||
| 440 | 0 |
_aSíntesis ; _v2. _pFilosofía |
|
| 650 | 2 |
_aPostmodernismo _95929 |
|
| 905 | _aLibro | ||
| 999 |
_c110140 _d110140 |
||